Gregor and the Curse of the Warmbloods / (Record no. 3316)

MARC details
000 -LEADER
fixed length control field 00898nam a22002417a 4500
001 - CONTROL NUMBER
control field 3316
003 - CONTROL NUMBER IDENTIFIER
control field FISKH
005 - DATE AND TIME OF LATEST TRANSACTION
control field 20240227103535.0
008 - FIXED-LENGTH DATA ELEMENTS--GENERAL INFORMATION
fixed length control field 240227b cb ||||| |||| 00| 0 eng d
040 ## - CATALOGING SOURCE
Original cataloging agency FISK
Language of cataloging eng
Transcribing agency FISK
Modifying agency FISK
050 ## - LIBRARY OF CONGRESS CALL NUMBER
Classification number PZ7.C6837
082 ## - DEWEY DECIMAL CLASSIFICATION NUMBER
Classification number 813.6
100 ## - MAIN ENTRY--PERSONAL NAME
Personal name Collins Suzanne :
Dates associated with a name 1962
245 ## - TITLE STATEMENT
Title Gregor and the Curse of the Warmbloods /
Statement of responsibility, etc. Suzanne Collins
260 ## - PUBLICATION, DISTRIBUTION, ETC.
Place of publication, distribution, etc. London :
Name of publisher, distributor, etc. Suzanne Collins
Date of publication, distribution, etc. 2005
300 ## - PHYSICAL DESCRIPTION
Extent 280 pages :
Other physical details 21 cm
490 ## - SERIES STATEMENT
Materials specified The underland chronicles
Series statement Book 3
501 ## - WITH NOTE
With note N
520 ## - SUMMARY, ETC.
Summary, etc. Eleven-year-old Gregor and his younger sister, Boots, return to the Underworld beneath New York City to find the cure for a terrible plague that threatens the life of their mother, as well as the lives of the people, bats, and rats who populate the underworld.
521 8# - TARGET AUDIENCE NOTE
Target audience note 710
Source N
700 ## - ADDED ENTRY--PERSONAL NAME
Personal name Suzanne Collins
942 ## - ADDED ENTRY ELEMENTS (KOHA)
Source of classification or shelving scheme Dewey Decimal Classification
Koha item type Books
Suppress in OPAC No
Holdings
Withdrawn status Lost status Source of classification or shelving scheme Damaged status Not for loan Collection Home library Current library Shelving location Date acquired Total Checkouts Full call number Barcode Date last seen Copy number Price effective from Koha item type
    Dewey Decimal Classification     Fiction Footprints International School Library Network Toul Kork Campus Footprints International School Library Network Toul Kork Campus   02/27/2024   COL PZ7.C6837 813.6 2024-0120 02/27/2024 1 02/27/2024 Books